|
|
|
|
| LEADER |
01082nam a22002892a 4500 |
| 001 |
000038847 |
| 003 |
CZ BrMZK |
| 005 |
20060221134351.0 |
| 007 |
ta |
| 008 |
951201s1991 xr f 000 cze d |
| 015 |
|
|
|a cnb000067750
|
| 020 |
|
|
|a 80-7108-028-4
|
| 035 |
|
|
|a (OCoLC)26976339
|
| 040 |
|
|
|a BOA001
|b cze
|
| 080 |
|
|
|a 885.0-32
|2 MRF
|
| 100 |
1 |
|
|a Salivarová, Zdena,
|d 1933-2025
|7 jk01110349
|4 aut
|
| 245 |
1 |
0 |
|a Nebe, peklo, ráj /
|c Zdena Salivarová ; [sestavil a ediční poznámku napsal Zbyněk Fišer]
|
| 250 |
|
|
|a 1. vyd.
|
| 260 |
|
|
|a Brno :
|b Atlantis,
|c [1991?]
|
| 300 |
|
|
|a 271 s.
|
| 700 |
1 |
|
|a Fišer, Zbyněk,
|d 1959-
|7 jn19990209187
|4 com
|
| 856 |
4 |
1 |
|u http://www.digitalniknihovna.cz/mzk/uuid/uuid:5d0928c0-408b-11e3-ad8c-005056827e52
|y Digitalizovaný dokument
|x NDK
|
| 910 |
|
|
|a BOA001
|b PK-0116.128
|b 2-0974.285
|
| 920 |
|
|
|a 000263921
|
| 990 |
|
|
|a BK
|
| 996 |
7 |
|
|b 2619882197
|c 2-0974.285
|l MZK
|r Sklad / do 1 hodiny
|n 22
|w 000038847
|u 000020
|a 1
|e BOA001
|j MZK50
|s A
|
| 996 |
7 |
|
|b 3119992562
|c PK-0116.128
|l MZK
|r Sklad / do 1 hodiny
|n 16
|w 000038847
|u 000010
|a 1
|e BOA001
|j MZK50
|s A
|